AFI Top 50 Romantic Comedies Quiz Stats

 Plays Quiz Updated Jul 6, 2016

Challenge
Share
Tweet
Embed
Score 0/50 Timer 10:00
6 Plays Today
Year Movie % Correct
1990Pretty Woman
84.2%
1989When Harry Met Sally...* (6th)
78.4%
1993Sleepless in Seattle* (10th)
75.7%
1995Clueless
68.5%
2001Bridget Jones's Diary
67.2%
2005The 40-Year-Old Virgin
65%
1984Sixteen Candles
64.6%
1977Annie Hall* (2nd)
62.7%
1987Moonstruck* (8th)
61.1%
1996Jerry Maguire
60.4%
1997As Good as It Gets
60%
2002My Big Fat Greek Wedding
57.2%
1998Shakespeare in Love
52.3%
1989Say Anything...
49%
1998The Wedding Singer
46.4%
1998There's Something About Mary
46%
1988Working Girl
43.4%
1987Roxanne
41.6%
1997My Best Friend's Wedding
40.2%
1988Bull Durham
38.8%
1953Roman Holiday* (4th)
38.5%
1984Splash
37.8%
1934It Happened One Night* (3rd)
36.3%
1960The Apartment
35.7%
197910
33.1%
Year Movie % Correct
1995The American President
32.7%
1938Bringing Up Baby
31.7%
1940The Philadelphia Story* (5th)
31.1%
1931City Lights* (1st)
28.9%
2003Something's Gotta Give
27.3%
1949Adam's Rib* (7th)
26.8%
1971Harold and Maude* (9th)
26.4%
1954Sabrina
25.9%
1977The Goodbye Girl
25.7%
1959Pillow Talk
22.5%
1940His Girl Friday
21.1%
1967Barefoot in the Park
17.8%
1972What's Up, Doc?
15%
1950Born Yesterday
14.1%
1939Ninotchka
12.3%
1937The Awful Truth
11.5%
1941The Lady Eve
11.1%
1936My Man Godfrey
9.9%
1941Ball of Fire
9.7%
1940The Shop Around the Corner
9.5%
1942Woman of the Year
8.3%
1942The Palm Beach Story
6.1%
1933Design for Living
5.9%
1937Nothing Sacred
5.7%
1932Trouble in Paradise
4.7%

You're not logged in!

Compare scores with friends on all Sporcle quizzes.
Join for Free
OR
Log In

You Might Also Like...

Show Comments

Extras

Top Quizzes Today


Score Distribution

Your Account Isn't Verified!

In order to create a playlist on Sporcle, you need to verify the email address you used during registration. Go to your Sporcle Settings to finish the process.

Report this User

Report this user for behavior that violates our Community Guidelines.

Details: